| 000 | 00545nam a2200157 4500 | ||
|---|---|---|---|
| 999 |
_c16235 _d16235 |
||
| 008 | 210818b ||||| |||| 00| 0 eng d | ||
| 022 | _a0732-8435 | ||
| 082 | _aDPer 657.05 C33 Apr - Sept 2016, v86 n4-9 | ||
| 100 |
_aGrimaldi, James R. _943523 |
||
| 245 |
_aTravel restrictions on delinquent taxpayers/ _cJames R. Grimaldi and Jessika Wong. |
||
| 260 |
_aNew York: _bThe New York State Society of CPA, _c2016. |
||
| 300 |
_av86 n4, page 17; _b _c28 cm. |
||
| 650 |
_aTaxation. _943524 |
||
| 700 |
_aWong, J. _eAuthor. _943525 |
||
| 942 |
_2ddc _cPER |
||